000 00841nam a2200253Ia 4500
003 OSt
005 20220918171326.0
006 a|||||r|||| 00| 0
007 ta
008 220917b |||||||| |||| 00| 0 eng d
020 _a9781498523318 (hbk)
_cUKP 60.00
024 _a317,771
037 _b408, 06/03/2017, Kilaso Books
_cTextual
040 _aARTS
_cARTS
_beng
041 _2eng
_aeng
082 _aY:45.687, Q7
100 _aBotha Anneli Au.
_935810
245 0 _aTerrorism in Kenya and Uganda
_b radicalization from a political socialization perspective
260 _aLanham
_bLexington Books Maryland
_c2017
300 _ax,241p.
_ccm.
650 _aTERRORISM - KENYA; TERRORISM - INDIA
_935811
942 _hY:45.687, Q7
_cTEXL
_2CC
999 _c139046
_d139046